| Поле | Название | Значение |
| |
Тип записи |
c |
| |
Библиографический уровень |
m |
| 001 |
Контрольный номер |
RU/УОНБ/EK_N/634555229 |
| 005 |
Дата корректировки |
20251127115109.8 |
| 010 |
Индекс ISBN |
__ |
| 9 |
Тираж |
4530 экз. |
| 013 |
Номер (ISMN) |
__ |
| d |
Цена |
40 к. |
| 071 |
Издательские номер (звукозапись и ноты) |
21 |
| a |
Номер, присвоенный агентством |
803 |
| 100 |
Данные общей обработки |
__ |
| a |
Данные общей обработки |
20200209d1968 u y0rusy0189 ca |
| 101 |
Язык документа |
0_ |
| a |
Язык текста |
rus |
| f |
Язык титульного листа |
rus |
| 102 |
Страна публикации |
__ |
| a |
Страна публикации |
RU |
| 125 |
Кодированные данные звукозаписи и нотных изданий |
__ |
| a |
Форма изложения нотного текста |
d |
| 128 |
Кодированные данные (звукозаписи-физические характеристики) |
__ |
| a |
Кодированные данные: Музыкальная форма и тональность или лад |
zz |
| b |
Инструменты или голоса, необходимые для ансамблей (устаревшее) |
cu |
| 200 |
Заглавие и сведения об ответственности |
1_ |
| a |
Заглавие |
Люди к Ленину идут |
| e |
Сведения, относящиеся к заглавию |
хоры [разных составов] без сопровождения |
| f |
Первые сведения об ответственности |
А. Мосолов |
| 203 |
Вид содержания и тип средства |
__ |
| a |
Вид содержания |
Музыка |
| b |
Характеристика содержания |
знаковая |
| c |
Тип средства |
непосредственная |
| 210 |
Выходные данные |
1_ |
| a |
Место издания |
Москва |
| c |
Издательство |
Советский композитор |
| d |
Дата издания |
1968 |
| 215 |
Физическое описание |
__ |
| a |
Объем |
31 с. |
| d |
Формат |
29 см |
| 225 |
Серия |
1_ |
| a |
Серия |
Репертуар русских народных хоров |
| v |
Обозначение тома |
вып. 15 |
| 327 |
Примечание о содержании |
11 |
| a |
Примечание о содержании |
Содерж.: Река ломала вешний лёд ; Солдатская походная : (Ленинская) / сл. В. Бокова. Час настал ; Ленин в Шушенском ; А к Ленину люди идут и идут ; Памятник / сл. А. Машистова. Радость к нам пришла от Ленина / сл. А. Асина. Север наш поёт о Ленине ; Гимн Ленину / сл. Д. Ушакова. Он жив и сегодня / сл. А. Жарова |
| 464 |
Аналитический уровень |
_0 |
| 1 |
|
702 1 |
| a |
|
Боков |
| b |
|
В. |
| 4 |
|
520 |
| 1 |
|
2001 |
| a |
|
Река ломала вешний лёд |
| 464 |
Аналитический уровень |
_0 |
| 1 |
|
036 |
| t |
|
Час настал! Люд рабочий, солдаты... |
| 1 |
|
702 1 |
| a |
|
Машистов |
| b |
|
А. |
| 4 |
|
520 |
| 1 |
|
2001 |
| a |
|
Час настал |
| 464 |
Аналитический уровень |
_0 |
| 1 |
|
036 |
| t |
|
Выходите, бабы, в полюшко... |
| 1 |
|
702 1 |
| a |
|
Асин |
| b |
|
А. |
| 4 |
|
520 |
| 1 |
|
2001 |
| a |
|
Радость к нам пришла от Ленина |
| 464 |
Аналитический уровень |
_0 |
| 1 |
|
036 |
| t |
|
Ой, в стороне поморской ветры... |
| 1 |
|
702 1 |
| a |
|
Ушаков |
| b |
|
Д. |
| 4 |
|
520 |
| 1 |
|
2001 |
| a |
|
Север наш поёт о Ленине |
| 464 |
Аналитический уровень |
_0 |
| 1 |
|
036 |
| t |
|
Мы слышим поныне в труде... |
| 1 |
|
702 1 |
| a |
|
Жаров |
| b |
|
А. |
| 4 |
|
520 |
| 1 |
|
2001 |
| a |
|
Он жив и сегодня |
| 464 |
Аналитический уровень |
_0 |
| 1 |
|
036 |
| t |
|
Шёл да шёл солдат... |
| 1 |
|
702 1 |
| a |
|
Боков |
| b |
|
В. |
| 4 |
|
520 |
| 1 |
|
2001 |
| a |
|
Солдатская походная |
| e |
|
(Ленинская) |
| 1 |
|
5171 |
| a |
|
Ленинская |
| 464 |
Аналитический уровень |
_0 |
| 1 |
|
036 |
| t |
|
Ночь темна, снега глубоки... |
| 1 |
|
702 1 |
| a |
|
Машистов |
| b |
|
А. |
| 4 |
|
520 |
| 1 |
|
2001 |
| a |
|
Ленин в Шушенском |
| 464 |
Аналитический уровень |
_0 |
| 1 |
|
036 |
| t |
|
Ты слышишь - гудки заводские гудят... |
| 1 |
|
702 1 |
| a |
|
Машистов |
| b |
|
А. |
| 4 |
|
520 |
| 1 |
|
2001 |
| a |
|
А к Ленину люди идут и идут |
| 464 |
Аналитический уровень |
_0 |
| 1 |
|
036 |
| t |
|
Когда на закате вечерние тени... |
| 1 |
|
702 1 |
| a |
|
Машистов |
| b |
|
А. |
| 4 |
|
520 |
| 1 |
|
2001 |
| a |
|
Памятник |
| 464 |
Аналитический уровень |
_0 |
| 1 |
|
036 |
| t |
|
Город на волжском крутом берегу... |
| 1 |
|
702 1 |
| a |
|
Ушаков |
| b |
|
Д. |
| 4 |
|
520 |
| 1 |
|
2001 |
| a |
|
Гимн Ленину |
| 606 |
Тематические рубрики |
0_ |
| a |
Основная рубрика |
Хоры советских композиторов |
| 610 |
Ключевые слова |
0_ |
| a |
Ключевые слова |
хоры советских композиторов |
| 686 |
Индексы других классификаций |
__ |
| a |
Классификационный индекс |
85.941.0 |
| 2 |
Код системы |
rubbk |
| 700 |
Автор |
_1 |
| a |
Фамилия |
Мосолов |
| b |
Имя (инициалы) |
А. В. |
| g |
Полное личное имя |
Александр Васильевич |
| 801 |
Источник записи |
_0 |
| a |
Страна |
RU |
| b |
Организация |
Ульяновская ОНБ |
| c |
Дата составления |
20200209 |
| g |
Правила каталогизации |
RCR |
| 801 |
Источник записи |
_1 |
| a |
Страна |
RU |
| b |
Организация |
Ульяновская ОНБ |
| c |
Дата составления |
20200209 |
| g |
Правила каталогизации |
RCR |
| 901 |
Тип документа |
__ |
| t |
Тип документа |
m |
| 909 |
Создатель записи |
__ |
| a |
Создатель записи |
Лобина Л. И. |
| 910 |
Корректоры записи |
__ |
| a |
Корректор записи |
Грязнова И. Е. |
| b |
Дата внесения изменения в запись |
20251127 |